Telangana people's struggle and its lessons (Record no. 685)
[ view plain ]
| 000 -LEADER | |
|---|---|
| fixed length control field | 01091 a2200217 4500 |
| 008 - FIXED-LENGTH DATA ELEMENTS--GENERAL INFORMATION | |
| fixed length control field | 080820t xxu||||| |||| 00| 0 eng d |
| 010 ## - LIBRARY OF CONGRESS CONTROL NUMBER | |
| LC control number | ENG-84903 |
| 020 ## - INTERNATIONAL STANDARD BOOK NUMBER | |
| International Standard Book Number | 8175963166 |
| Terms of availability | 695.00 |
| 035 ## - SYSTEM CONTROL NUMBER | |
| System control number | EN-68436 |
| 037 ## - SOURCE OF ACQUISITION | |
| Source of stock number/acquisition | D.B.Act / Pub |
| 082 ## - DEWEY DECIMAL CLASSIFICATION NUMBER | |
| Classification number | 954.35 |
| 100 ## - MAIN ENTRY--PERSONAL NAME | |
| Personal name | Sundarayya, Puccalapalli, |
| 245 ## - TITLE STATEMENT | |
| Title | Telangana people's struggle and its lessons |
| Statement of responsibility, etc | [by] P. Sundarayya. |
| 260 ## - PUBLICATION, DISTRIBUTION, ETC. (IMPRINT) | |
| Place of publication, distribution, etc | New Delhi |
| Name of publisher, distributor, etc | Foundation Books |
| Date of publication, distribution, etc | 2006 |
| 300 ## - PHYSICAL DESCRIPTION | |
| Extent | x, 458 p. |
| Dimensions | 24 cm. (Hb) |
| 500 ## - GENERAL NOTE | |
| General note | Appendices : 1. Martyrs of the struggle.--2. The conditions of agricultural workers and of the poor peasantry.--3. Present secret organisation: our tasks.--4. Tales of Telengana ... poem ... written by Harindranath Chattopadhyay, at the time of the Telengana armed struggle. |
| 651 ## - SUBJECT ADDED ENTRY--GEOGRAPHIC NAME | |
| Geographic name | Telengana Region (India) |
| General subdivision | Politics and government. |
| 700 ## - ADDED ENTRY--PERSONAL NAME | |
| Personal name | Chattopadhyay, Harindranath. |
| 942 ## - ADDED ENTRY ELEMENTS (KOHA) | |
| Institution code [OBSOLETE] | dpl |
| Koha item type | English Books |
| Call number prefix | 954.35 / SUN |
| Source of classification or shelving scheme | Dewey Decimal Classification |
| Classification part | 954.35 |
| Call number suffix | SUN |
| Withdrawn status | Lost status | Damaged status | Not for loan | Home library | Current library | Date acquired | Cost, normal purchase price | Total Checkouts | Full call number | Barcode | Date last seen | Copy number | Uniform Resource Identifier | Cost, replacement price | Price effective from | Koha item type |
|---|---|---|---|---|---|---|---|---|---|---|---|---|---|---|---|---|
| Andrews Gunj | D.B.Act.Division | 20/08/2008 | 695.00 | 954.35 SUN | EN-68436 | 15/09/2008 | 1 | 661 | 695.00 | 15/09/2008 | English Books |
